Vista normal
Vista MARC
Entrada Personal Name
Número de registros utilizados en: 1
001 - CONTROL NUMBER
- control field: 16619
003 - CONTROL NUMBER IDENTIFIER
- control field: DLC
005 - DATE AND TIME OF LATEST TRANSACTION
- control field: 20241216150431.0
008 - FIXED-LENGTH DATA ELEMENTS
- fixed length control field: 090831n| azannaabn n aaa c
010 ## - LIBRARY OF CONGRESS CONTROL NUMBER
- LC control number: no2009137656
035 ## - SYSTEM CONTROL NUMBER
- System control number: (OCoLC)oca08224104
040 ## - CATALOGING SOURCE
- Original cataloging agency: MoSW-Mu
- Language of cataloging: spa
- Description conventions: rda
- Transcribing agency: Mx-PuUPA
- Modifying agency: MoSW-Mu
- Modifying agency: DLC
- Modifying agency: CaBViV
- Modifying agency: Mx-PuUPA
046 ## - SPECIAL CODED DATES
- Birth date: 1952
100 1# - HEADING--PERSONAL NAME
- Personal name: Brower, Steven,
- Dates associated with a name: 1952-
372 ## - FIELD OF ACTIVITY
- Field of activity: Diseño de libros
- Source of term: lcsh
374 ## - OCCUPATION
- Occupation: Autor
- Occupation: Diseñador gráfico
375 ## - GENDER
- Gender: hombre
377 ## - ASSOCIATED LANGUAGE
- Language code: eng
670 ## - SOURCE DATA FOUND
- Source citation: His Satchmo, 2009:
- Information found: t.p. (Steven Brower)
670 ## - SOURCE DATA FOUND
- Source citation: Heymann, C. D. Liz, 1995:
- Information found: bk. jkt. (Steven Brower; jacket designer)
670 ## - SOURCE DATA FOUND
- Source citation: Stevenbrowerdesign's Weblog WWW site, Aug. 31, 2009:
- Information found: About (Steven Brower; "As for who I am, I was born in NYC, lived on the Lower East Side of Manhattan until I was 6, and then we moved to the Northeast Bronx. Later I attended the High School of Music & Art, and, briefly, The School of Visual Arts, both back in Manhattan ...") Archives, August 2009 (quotes from reviews of his book Satchmo)
670 ## - SOURCE DATA FOUND
- Source citation: Electronic communication from Steven Brower, Sept. 3, 2009
- Information found: (Steven Brower; b. 1952)
670 ## - SOURCE DATA FOUND
- Source citation: Long shot, 1992:
- Information found: title page verso (Cover design by Steven Brower)